000 00274nam a2200097Ia 4500
001 652697
005 20250826154443.0
008 250824s9999 xx 000 0 und d
245 0 _aECE YÜCE/ AY DEDE KİME GÜLÜMSÜYORDU
_cGÜLTEN DAYIOĞLUE
260 _bALTIN KİTAP YAYINLARI
999 _c652697
_d652697